Suid-Afrikaanse Regskommissie Ondersoek na termyne waarbinne regsgedinge teen die Staat ingestel moet word (Record no. 148)

MARC details
000 -LEADER
fixed length control field 00484nam a22001577a 4500
005 - DATE AND TIME OF INPUT
control field 20231030131052.0
008 - DATA ELEMENTS--GENERAL INFORMATION
fixed length control field 231030b |||||||| |||| 00| 0 eng d
041 ## - LANGUAGE CODE
Language code of text Afrikaans
082 ## - SHELF NUMBER
DDC number 347.5 SOU
100 ## - MAIN AUTHOR
Language of a work Afrikaans
245 ## - TITLE STATEMENT
Title Suid-Afrikaanse Regskommissie Ondersoek na termyne waarbinne regsgedinge teen die Staat ingestel moet word
260 ## - PUBLICATION, DISTRIBUTION, ETC.
Date of publication, distribution, etc. 1985
300 ## - PHYSICAL DESCRIPTION
Other physical details iv, 53 pages ;
Dimensions 26 cm.
650 ## - SUBJECT`
Broad subject legal practice
Own subject terms Law
942 ## - ADDED ENTRY ELEMENTS (KOHA)
Item type Books
942 ## - ADDED ENTRY ELEMENTS (KOHA)
-- ALISON_BN_VRIES
Holdings
Source of classification or shelving scheme Not for loan Collection code Home library Current library Shelving location Date acquired Full call number Barcode Price effective from Koha item type
Dewey Decimal Classification   TEXT BOOKS LAW SOCIETY OF NAMIBIA LIBRARY - WINDHOEK LAW SOCIETY OF NAMIBIA LIBRARY - WINDHOEK Evidence law 10/30/2023 347.5 SOU LSN/1989/31 10/30/2023 Books